Dopad krízy na ekonomiku podnikov

Vzájomné väzby medzi finančnými výsledkami podnikov a externým prostredím pri identifikácii determinantov zvyšujúcich odolnosť voči kríze. Vývoj makroekonomických ukazovateľov v chemickom priemysle v analyzovanom období.

Salvato in:
Dettagli Bibliografici
Autore principale: Tóthová, Alena, 1968-
Natura: Capitolo di libro
Lingua:slovacco
Soggetti:
Tags: Aggiungi Tag
Nessun Tag, puoi essere il primo ad aggiungerne!!

MARC

LEADER 00000naa$a2200000$$$4500
001 0194783
005 20240603073123.0
041 0 |a slo 
044 |a SK 
245 1 0 |a Dopad krízy na ekonomiku podnikov  |c Alena Tóthová 
520 |a Vzájomné väzby medzi finančnými výsledkami podnikov a externým prostredím pri identifikácii determinantov zvyšujúcich odolnosť voči kríze. Vývoj makroekonomických ukazovateľov v chemickom priemysle v analyzovanom období. 
610 2 0 |a makroekonomika 
610 2 0 |a prostredie podnikateľské 
610 2 0 |a ekonomika výroby 
610 2 0 |a výkonnosť ekonomiky 
610 2 0 |a produkt domáci hrubý 
610 2 0 |a kríza 
610 2 0 |a ukazovatele makroekonomické 
100 1 |a Tóthová, Alena, 1968-